000 00941cam a2200277Ii 4500
999 _c8817
_d8817
001 926062379
003 OCoLC
005 20241126110659.0
008 151021s2016 tnua b 001 0 eng d
020 _a1433692163
020 _a9781433692161
035 _a(OCoLC)926062379
_z(OCoLC)928109702
040 _aYDXCP
_beng
_erda
_cYDXCP
_dBTCTA
_dBDX
_dOCLCQ
_dIDA
_dOCLCF
_dJET
082 _a254.5
_bSTE
092 _bS841P
100 1 _aStetzer, Ed
_914181
245 1 0 _aPlanting missional churches :
_byour guide to starting churches that multiply /
_cEd Stetzer and Daniel Im
250 _aSecond edition
264 1 _aNashville, Tennesee :
_bB&H Academic,
_cc2016
300 _axii, 401 pages :
_billustrations ;
_c24 cm
504 _aIncludes bibliographical references (pages 377-391) and indexes
650 0 _aChurch development, New
_942
650 0 _aChurch growth
_9291
700 1 _aIm, Daniel,
_eauthor
_915509
942 _2ddc
_cBK
_023